[Event "Bosnjaci op 17th"]
[Site "Bosnjaci"]
[Date "2012.01.06"]
[Round "6"]
[White "Kristovic, Marijan"]
[Black "Abaza, Ivan"]
[Result "1-0"]
[WhiteElo "2269"]
[BlackElo "1997"]
[PlyCount "99"]
[EventDate "2012.01.03"]
[EventType "swiss"]
[EventRounds "9"]
[EventCountry "CRO"]
[SourceTitle "CBM 146 Extra"]
[Source "ChessBase"]
[SourceDate "2012.02.29"]
[SourceVersion "1"]
[SourceVersionDate "2012.02.29"]
[SourceQuality "1"]

1. e4 e5 2. Nf3 Nf6 3. Nc3 Nc6 4. Bb5 Nd4 5. Bc4 Nxf3+ 6. Qxf3 c6 7. d3 a5 8. a4 Bc5 9. h3 h6 10. Qg3 0-0 11. Bxh6 Ne8 12. 0-0 d6 13. Be3 Qb6 14. Bxc5 Qxc5 15. Kh1 Be6 16. Bxe6 fxe6 17. f4 exf4 18. Rxf4 Rxf4 19. Qxf4 Nf6 20. Rf1 Rf8 21. Qd2 Nh5 22. Rxf8+ Kxf8 23. g4 Nf6 24. Kg2 Qb4 25. b3 e5 26. Kf3 d5 27. Ke2 Qd4 28. exd5 cxd5 29. Nb5 Qg1 30. Qe3 Qg2+ 31. Kd1 Qf1+ 32. Kd2 e4 33. g5 d4 34. Nxd4 Qg2+ 35. Ne2 Nd5 36. Qc5+ Ke8 37. Qc8+ Ke7 38. Qxb7+ Kd6 39. Qb8+ Kd7 40. dxe4 Qxg5+ 41. Ke1 Qh4+ 42. Qg3 Qxe4 43. Qxg7+ Kc6 44. Qg4 Qe5 45. Qd4 Qf5 46. Qc4+ Kd6 47. Qc6+ Ke5 48. Qc5 Kf6 49. Qd4+ Kg6 50. Qxd5 1-0

[Event "Bosnjaci op 17th"]
[Site "Bosnjaci"]
[Date "2012.01.04"]
[Round "2"]
[White "Bosnjak, Nino"]
[Black "Abaza, Ivan"]
[Result "1-0"]
[WhiteElo "2240"]
[BlackElo "1997"]
[PlyCount "107"]
[EventDate "2012.01.03"]
[EventType "swiss"]
[EventRounds "9"]
[EventCountry "CRO"]
[SourceTitle "CBM 146 Extra"]
[Source "ChessBase"]
[SourceDate "2012.02.29"]
[SourceVersion "1"]
[SourceVersionDate "2012.02.29"]
[SourceQuality "1"]

1. d4 Nf6 2. c4 e6 3. Nf3 Bb4+ 4. Bd2 Bxd2+ 5. Qxd2 0-0 6. Nc3 d5 7. Qf4 c6 8. e3 Nbd7 9. cxd5 exd5 10. Bd3 Re8 11. 0-0 Nf8 12. Ne5 Ng6 13. Bxg6 fxg6 14. b4 Rf8 15. Qg5 Bf5 16. f3 Nd7 17. Qxd8 Raxd8 18. Nxd7 Bxd7 19. Rac1 a6 20. a4 b5 21. Ra1 Rfe8 22. Kf2 Kf7 23. axb5 axb5 24. Ra6 Ra8 25. Rfa1 Rxa6 26. Rxa6 Ke7 27. Ne2 Kd6 28. Ra7 Re7 29. Nc1 Bf5 30. Ra8 Kc7 31. Nb3 Kb7 32. Ra1 Kb6 33. g4 Bd3 34. Nc5 Bc4 35. Ra6+ Kc7 36. e4 dxe4 37. fxe4 Rf7+ 38. Ke3 h6 39. d5 cxd5 40. e5 Re7 41. Kd4 g5 42. e6 Be2 43. Kxd5 Bxg4 44. Rc6+ Kd8 45. Kd6 Ra7 46. Rb6 Ra8 47. Rxb5 Ke8 48. Rb7 Rd8+ 49. Nd7 g6 50. b5 h5 51. Rb8 Be2 52. Rxd8+ Kxd8 53. e7+ Ke8 54. Nf6+ 1-0

[Event "Bosnjaci op 15th"]
[Site "Bosnjaci"]
[Date "2010.01.06"]
[Round "5"]
[White "Soldo, Robert"]
[Black "Abaza, Ivan"]
[Result "1-0"]
[WhiteElo "2207"]
[BlackElo "2029"]
[PlyCount "85"]
[EventDate "2010.01.03"]
[EventType "swiss"]
[EventRounds "9"]
[EventCountry "CRO"]
[SourceTitle "CBM 134 Extra"]
[Source "ChessBase"]
[SourceDate "2010.03.03"]
[SourceVersion "1"]
[SourceVersionDate "2010.03.03"]
[SourceQuality "1"]

1. Nf3 Nf6 2. c4 c5 3. Nc3 Nc6 4. d4 cxd4 5. Nxd4 g6 6. g3 Bg7 7. Bg2 0-0 8. Nc2 d6 9. 0-0 Bd7 10. b3 Qc8 11. Re1 Bh3 12. Bh1 Rd8 13. Bb2 Ne5 14. Ne3 Be6 15. Ng2 Bd7 16. Nf4 Bc6 17. e4 e6 18. Qe2 Ne8 19. Rad1 a6 20. a4 b6 21. Nd3 Nxd3 22. Rxd3 Ra7 23. Red1 Rad7 24. Ba3 Bf8 25. Qe3 Qc7 26. Bg2 Bb7 27. h3 Ba8 28. Kh2 Bg7 29. f4 Bc6 30. R1d2 Bh6 31. Rf2 e5 32. Qe2 exf4 33. gxf4 Bb7 34. Kh1 Re7 35. Qd1 f6 36. h4 Red7 37. Qg4 Rg7 38. Rfd2 Bc8 39. Qg3 Be6 40. Rd1 Rgd7 41. Bh3 Bxh3 42. Qxh3 Bxf4 43. Nd5 1-0

[Event "Treber Memorial 3rd"]
[Site "Vinkovci"]
[Date "2006.05.22"]
[Round "1.4"]
[White "Goric, Esad"]
[Black "Abaza, Ivan"]
[Result "1-0"]
[WhiteElo "2346"]
[BlackElo "2093"]
[PlyCount "41"]
[EventDate "2006.05.22"]
[EventType "swiss"]
[EventRounds "7"]
[EventCountry "CRO"]
[SourceTitle "CBM 112 Extra"]
[Source "ChessBase"]
[SourceDate "2006.07.14"]
[SourceVersion "1"]
[SourceVersionDate "2006.07.14"]
[SourceQuality "1"]

1. c4 c5 2. g3 g6 3. Bg2 Bg7 4. Nc3 Nf6 5. Rb1 Nc6 6. a3 a5 7. Nf3 0-0 8. 0-0 d6 9. d3 Nd7 10. Bd2 Nde5 11. Ne1 f5 12. Nc2 Bd7 13. b4 Rb8 14. bxc5 dxc5 15. Qc1 b6 16. Bf4 g5 17. Bxg5 Nxc4 18. dxc4 Bxc3 19. Rd1 Qe8 20. Bf4 Be5 21. Bxc6 1-0